00793nam a22002055i 4500001000700000003000900007005001700016008004100033020002000074080001300094245014700107260006000254300002200314490002900336500010400365600003600469710003000505830002900535852002300564168737ES-MaACL20230906213855.0080528s2007 sp |||| | spa d a0353-9660(ISSN) a860(7/8)00aJulio Rodríguez Puértolas b: la literatura en el tiempo / cDepartamento de la Lengua y Literatura Españolas. Universidad de Ljubljana. aLjubljana : bFacultad de Filosofía y Letras, c2007. a286 p. ; c23 cm.1 aVerba hispanica ; vXV/a aAnuario del Dpto. de la Lengua y Literatura Españolas, de la Universidad de Ljubljana (Eslovenia)14aRodríguez Puértolas, Julio.2 aUniversidad de Ljubljana.0 aVerba hispanica ; vXV/a4 aES-MaACLjL-29506